00515nam a2200205Ia 450000500170000000800460001702000180006303700100008104000080009104000080009904000080010704100080011504100080012308400080013110000220013924500630016126000230022426000090024785600530025620260121154524.0008 260114s9999 xx 000 0 eng d a9781003262183 aEBOOK aCRL beng cCRL 2eng aeng qCRL a Allison Paolini  0aUsing Social Emotional Learning to Prevent School Violence bTaylor and Francis c2022 uhttp://www.taylorfrancis.com/books/9781003262183